000 09651 a2200625 4500
005 20080820154716.0
008 080820t xxu||||| |||| 00| 0 hin d
010 _aB-301902-930 HIN-84007
020 _a9788190501071
_c200.00
035 _aHN-56353
035 _aB-301902-930
037 _aDBAD / PUB
040 _aDPL
_bHN
082 _a003.54
100 _aद्विवेदी, देवव्रत
245 _aसूचना प्रौद्योगिकी की रोचक बातें /
_cदेवव्रत द्विवेदी
246 _aSoochanaa prodyogikii kii rochaka batein
_bby Devvrat Dwivedi
260 _aइलाहाबाद
_bअर्चना पब्लिकेशन
_c2007
270 _a9, महिलाग्राम कालोनी, सूबेदारगंज
_bइलाहाबाद
300 _a136पृ
_c22 सेमी (सजिल्द)
_bसचित्र
650 _aसूचना प्रौद्योगिकी
650 _aInformation technology
942 _adpl
_cHN
_2ddc
_h003.54
_mद्विवेदी
999 _c12485
_d12485